| 000 | 05644nas1a22005531i 4500 | ||
|---|---|---|---|
| 001 | RU\NLR\INFOCOMM16\1000062130 | ||
| 005 | 20260406151243.0 | ||
| 011 | _a0134-8205 | ||
| 035 | _a(NLR Aleph) 002509498 | ||
| 090 |
_a2666051 _c2666051 |
||
| 100 | _a20040407c1962 |||y0rusy50 ca | ||
| 101 | 0 | _arus | |
| 102 | _aRU | ||
| 110 | _azyu||||0|y0 | ||
| 200 | 1 |
_aСборник работ Ленинградского гидрометеорологического центра _fСев.-Зап. террит. упр. по гидрометеорологии и контролю природ. среды |
|
| 210 |
_aЛ. _cГидрометеоиздат _d1962- |
||
| 300 | _aВ надзаг. также: Гос. ком. СССР по гидрометеорологии и контролю природ. среды | ||
| 430 | 0 |
_1001rc\4556619 _12001#$aСборник работ Ленинградского гидрометеорологической обсерватории _99034699 _aЛенинградская гидрометеорологическая обсерватория _cЛенинград _d1962-1983 _fГл. упр. гидрометеорол. службы при Совете Министров СССР. Сев.-Зап. упр. гидрометслужбы _nБ. и. _tСборник работ Ленинградской гидрометеорологической обсерватории |
|
| 517 | 1 | _aСборник работ Ленинградской и Петрозаводской гидрометеорологических обсерваторий | |
| 517 | 1 | _aСборник работ Ленинградской ГМО | |
| 517 | 1 | _aСборник работ ЛГИЦ | |
| 710 | 0 | 2 |
_4070 _aЛенинградский гидрометеорологический центр _3RU\NLR\AUTH\889926769 _9349247 |
| 801 | 1 |
_aRU _bInfoComm _c20040407 |
|
| 801 | 0 |
_aRU _bNLR _gPSBO |
|
| 852 |
_aNLR _jП7/935 |
||
| 942 | _cCOLLECTION | ||
| 980 | _aRUSPER | ||